| 000 | 00729nam a22002297a 4500 | ||
|---|---|---|---|
| 003 | OSt | ||
| 005 | 20260321073644.0 | ||
| 008 | 210301b a 00| 0 spa d | ||
| 020 | _a9789945587227 | ||
| 040 |
_aDO-SdBNP _bspa _cBNPHU |
||
| 082 | 4 |
_aRD863.44 _bB742c 2020 _222 |
|
| 100 | 1 | 0 |
_a Bosch, Juan, _d1909-2001 _976555 |
| 245 | 1 | 0 |
_aCuento de Navidad / _cJuan Bosch. |
| 260 |
_aSanto Domingo : _bFundaciòn Juan Bosch, _c2020. |
||
| 300 |
_a147 p. : _bil. ; _c29 cm |
||
| 500 | _aIncluye datos biográficos del autor en la solapa de la cubierta | ||
| 590 | _aInventariado, 2021/MFF | ||
| 650 | 1 | 0 |
_aCuentos dominicanos _9176 |
| 650 | 1 | 0 |
_aLiteratura dominicana. _967 |
| 910 | _aDG. Validado. Control de calidad MFF | ||
| 942 |
_2ddc _cLBS1 |
||
| 999 |
_c49468 _d49468 |
||